<?xml version="1.0" encoding="UTF-8"?>
<record
    xmlns:xsi="http://www.w3.org/2001/XMLSchema-instance"
    xsi:schemaLocation="http://www.loc.gov/MARC21/slim http://www.loc.gov/standards/marcxml/schema/MARC21slim.xsd"
    xmlns="http://www.loc.gov/MARC21/slim">

  <leader>01887nam a22003497a 4500</leader>
  <controlfield tag="003">OSt</controlfield>
  <controlfield tag="005">20230421083710.0</controlfield>
  <controlfield tag="008">221006b        |||||||| |||| 00| 0 eng d</controlfield>
  <datafield tag="040" ind1=" " ind2=" ">
    <subfield code="c">Biblioteca Lado V</subfield>
  </datafield>
  <datafield tag="082" ind1=" " ind2=" ">
    <subfield code="a">700</subfield>
    <subfield code="b">Z39a</subfield>
  </datafield>
  <datafield tag="100" ind1=" " ind2=" ">
    <subfield code="9">802</subfield>
    <subfield code="a">Zaya, Antonio</subfield>
    <subfield code="e">editor</subfield>
    <subfield code="e">director</subfield>
  </datafield>
  <datafield tag="245" ind1=" " ind2=" ">
    <subfield code="a">Atalantica/</subfield>
    <subfield code="b">Revista de Arte y Pensamiento/</subfield>
  </datafield>
  <datafield tag="260" ind1=" " ind2=" ">
    <subfield code="b">Centro Atlantico de Arte Moderno</subfield>
    <subfield code="c">1994</subfield>
    <subfield code="a">Espa&#xF1;a</subfield>
  </datafield>
  <datafield tag="300" ind1=" " ind2=" ">
    <subfield code="c">24x30cm</subfield>
    <subfield code="a">176p.</subfield>
  </datafield>
  <datafield tag="366" ind1=" " ind2=" ">
    <subfield code="e">fre</subfield>
  </datafield>
  <datafield tag="366" ind1=" " ind2=" ">
    <subfield code="e">eng</subfield>
  </datafield>
  <datafield tag="490" ind1=" " ind2=" ">
    <subfield code="v">1994</subfield>
    <subfield code="x">1132-8428</subfield>
    <subfield code="a">6</subfield>
  </datafield>
  <datafield tag="505" ind1=" " ind2=" ">
    <subfield code="t">Territorios</subfield>
    <subfield code="a">Manuela Saenz, baila con Giuseppe

Epitafio para Maria Kodama

Desde la Habana

Antropocentrismo

Puedo expresarlo como quiera

Una accion en el SIDA

Cristino de Vera

El maestro SOW

Fotografia ilimitada e inalcanzable

CAPELAN

Acciones fotogr&#xE1;ficas
</subfield>
  </datafield>
  <datafield tag="505" ind1=" " ind2=" ">
    <subfield code="t">Nexus</subfield>
    <subfield code="a">Oscar Dominguez y la decalcomania del deseo

AFRICAMIRA</subfield>
  </datafield>
  <datafield tag="505" ind1=" " ind2=" ">
    <subfield code="t">Revista</subfield>
    <subfield code="a">Fernando Alamo

El Nuevo Pasado

Nuevas perspectivas para viejos sue&#xF1;os

Juan Jose Gil

Proyecto para Atlantica

La f(r)actura del Totem

Rafael Monagas

Carmen Cologan

Castejon

Proyecto para Atlantica
</subfield>
  </datafield>
  <datafield tag="505" ind1=" " ind2=" ">
    <subfield code="t">Revista</subfield>
    <subfield code="a">Arte Africano

La Cultura Cubana con Sabor

Proyecto de Iraida

La Justicia o la Coreografia del Equilibrio

De Colombia. Arte Actual</subfield>
  </datafield>
  <datafield tag="650" ind1=" " ind2=" ">
    <subfield code="2">Tesauro de Arte &amp; Arquitectura</subfield>
    <subfield code="a">ARTE</subfield>
    <subfield code="9">703</subfield>
  </datafield>
  <datafield tag="650" ind1=" " ind2=" ">
    <subfield code="2">Tesauro de Arte &amp; Arquitectura</subfield>
    <subfield code="a">EXPOSICIONES </subfield>
  </datafield>
  <datafield tag="650" ind1=" " ind2=" ">
    <subfield code="2">Tesauro de Arte &amp; Arquitectura</subfield>
    <subfield code="a">CULTURA</subfield>
  </datafield>
  <datafield tag="650" ind1=" " ind2=" ">
    <subfield code="2">Tesauro de Arte &amp; Arquitectura</subfield>
    <subfield code="a">APRECIACION</subfield>
  </datafield>
  <datafield tag="650" ind1=" " ind2=" ">
    <subfield code="2">Tesauro de Arte &amp; Arquitectura</subfield>
    <subfield code="a">TEORIA</subfield>
  </datafield>
  <datafield tag="650" ind1=" " ind2=" ">
    <subfield code="2">Tesauro de Arte &amp; Arquitectura</subfield>
    <subfield code="a">CRITICA</subfield>
  </datafield>
  <datafield tag="650" ind1=" " ind2=" ">
    <subfield code="2">Tesauro de Arte &amp; Arquitectura</subfield>
    <subfield code="a">FOTOGRAFIA </subfield>
    <subfield code="9">702</subfield>
  </datafield>
  <datafield tag="650" ind1=" " ind2=" ">
    <subfield code="2">Tesauro de Arte &amp; Arquitectura</subfield>
    <subfield code="a">LITERATURA</subfield>
  </datafield>
  <datafield tag="650" ind1=" " ind2=" ">
    <subfield code="2">Tesauro de Arte &amp; Arquitectura</subfield>
    <subfield code="a">ESPA&#xD1;A</subfield>
  </datafield>
  <datafield tag="942" ind1=" " ind2=" ">
    <subfield code="2">ddc</subfield>
    <subfield code="c">1</subfield>
    <subfield code="h">700</subfield>
    <subfield code="i">Z39a</subfield>
    <subfield code="n">0</subfield>
  </datafield>
  <datafield tag="999" ind1=" " ind2=" ">
    <subfield code="c">3412</subfield>
    <subfield code="d">3412</subfield>
  </datafield>
  <datafield tag="952" ind1=" " ind2=" ">
    <subfield code="0">0</subfield>
    <subfield code="1">0</subfield>
    <subfield code="2">ddc</subfield>
    <subfield code="3">1994</subfield>
    <subfield code="4">0</subfield>
    <subfield code="7">0</subfield>
    <subfield code="8">Revistas</subfield>
    <subfield code="a">LV</subfield>
    <subfield code="b">LV</subfield>
    <subfield code="d">2023-04-21</subfield>
    <subfield code="h">6</subfield>
    <subfield code="i">003561</subfield>
    <subfield code="l">0</subfield>
    <subfield code="o">700 Z39a</subfield>
    <subfield code="p">003561</subfield>
    <subfield code="r">2023-04-21 00:00:00</subfield>
    <subfield code="w">2023-04-21</subfield>
    <subfield code="y">1</subfield>
  </datafield>
</record>
